000
00316 a2200157 4500
001
182580
020
_a
040
_c
Magnum
100
_a
Porto, Sérgio
240
1
0
_a
O livro das festas
_l
por
245
1
0
_a
O livro das festas
300
_a
186
362
0
_a
1981
697
_a
LITERATURA GERAL
942
_c
BK
999
_c
182580
_d
182580